00776cam a2200253 a 45000010009000000050017000090080041000260100017000670200035000840200038001190200040001570200043001970350023002400350020002630400049002830410008003320430012003400800020003520820024003721000008003961010008004042450044004125040066004561425468020180202040626.0060206s2006 mdua b 001 0 eng  a 2006003571 a0801884594 (pbk. : alk. paper) a9780801884597 (pbk. : alk. paper) a0801884586 (hardcover : alk. paper) a9780801884580 (hardcover : alk. paper) a(OCoLC)ocm63703804 a(OCoLC)63703804 aDLCcDLCdBAKERdC#PdAGLdBTCTAdYDXCPdDLC aeng an-us--- a973.09734 dav00a973.09734 dav2221 a16, ahis10aBorn in the country :cDavid B. Danbom. aIncludes bibliographical references (p. [271]-290) and index.